War and delinquency ; an analysis of juvenile delinquency in thirteen nations in World War I and World War II.

Bibliographic Details
Main Author: Lunden, Walter Albin, 1899-
Format: Book
Language:English
Published: Ames, Iowa : Art Press, [1963]
Subjects:

MARC

Tag First Indicator Second Indicator Subfields
LEADER 00000cam a2200000 4500
001 in00000066245
005 20151008051849.0
008 791008s1963 iaua 00000 eng d
035 |a (OCoLC)05504427 
035 |9 AAH0416AM 
040 |a MNM  |c MNM  |d TXA  |d UtOrBLW 
049 |a TXAM  |c [355486] 
090 |a HV9076.5  |b .L8 1963 
092 |a 364.36  |b L962w 
100 1 |a Lunden, Walter Albin,  |d 1899- 
245 1 0 |a War and delinquency ;  |b an analysis of juvenile delinquency in thirteen nations in World War I and World War II. 
264 1 |a Ames, Iowa :  |b Art Press,  |c [1963] 
300 |a 88 pages :  |b illustrations 
336 |a text  |b txt  |2 rdacontent 
337 |a unmediated  |b n  |2 rdamedia 
338 |a volume  |b nc  |2 rdacarrier 
650 0 |a Juvenile delinquency. 
650 0 |a War and crime. 
999 |a MARS 
999 f f |s 41587f98-80b0-36b7-a0b5-187d7a85c6eb  |i 76360cd0-e27d-3848-8767-fb5d9e3350b4  |t 0 
952 f f |p ric  |a Texas A&M University  |b Rellis Campus  |c Joint Library Facility  |d Remote Storage  |t 0  |e HV9076.5 .L8 1963  |h Library of Congress classification  |i unmediated -- volume  |m A14800813688 
998 f f |a HV9076.5 .L8 1963  |t 0  |l Remote Storage